[Event "19th Delhi GM Open 2022"]
[Site "Delhi"]
[Date "2022.03.26"]
[Round "7.14"]
[White "Mitrabha, Guha"]
[Black "Viani Antonio Dcunha"]
[Result "1/2-1/2"]
[WhiteElo "2510"]
[BlackElo "2397"]
[Annotator "TA"]
[PlyCount "134"]
[EventDate "2022.03.22"]
[EventType "swiss"]
[EventCountry "IND"]
[SourceTitle "playchess.com"]
[Source "ChessBase"]
[SourceQuality "1"]

{[%evp 16,134,17,37,41,40,33,40,40,39,41,37,31,41,43,39,53,25,66,38,88,90,131,130,141,173,164,170,143,172,168,148,165,138,176,74,74,65,158,151,206,182,160,91,81,0,142,96,104,68,94,0,0,0,0,0,24,0,0,0,0,0,0,10,58,0,0,20,58,58,58,0,0,0,0,0,0,0,0,0,0,0,0,0,58,0,0,0,0,0,0,0,185,0,0,0,0,0,0,0,0,0,0,0,0,0,-28000,-28000,-28000,-28000,-28000,-28000,-28000,-28000,-28000,-28000,-28000,-28000,-28000,-28000,-28000]} 1. d4 Nf6 2. c4 g6 3. g3 Bg7 4. Bg2 O-O 5. Nc3 d6 6. Nf3 Nc6 7. O-O a6 8. b3 $1 {[%mdl 4] outshines the older 8.h3.} Rb8 9. d5 Nxd5 {E63: King's Indian: Fianchetto: Panno Variation with 7...a6.} 10. cxd5 Bxc3 11. Bh6 Ne5 {White is slightly better.} 12. Bxf8 Bxa1 {[#]} 13. Bxe7 $1 Qxe7 14. Qxa1 Nxf3+ 15. Bxf3 h5 {[#]} 16. Qd4 $146 ({Predecessor:} 16. Rc1 Bg4 17. Bxg4 hxg4 18. e3 Rc8 {½-½ (18) Procopi,J (2343)-Civitillo,A (2427) ICCF email 2021}) 16... Bd7 (16... Bh3 $11) 17. Rc1 (17. Qa7 $5 {[%cal Ra7b8]} Qd8 18. e3 $14) 17... c5 (17... Rc8 $14) 18. dxc6 $16 Bxc6 (18... bxc6 $142 19. Qa7 (19. Bxc6 $2 Rc8 $19) 19... Qd8) 19. Qa7 $36 {[%mdl 2048] White is in control. White is more active.} ({Don't play} 19. Bxc6 $6 bxc6 20. Qd3 (20. Rxc6 Qxe2 21. a4 Qf3 $14) 20... Rb6 $14) 19... Re8 20. Bxc6 bxc6 21. Qxe7 ({Don't take} 21. Qxa6 $6 Qxe2 22. Qxc6 h4 $16) 21... Rxe7 22. Rxc6 Rxe2 23. Rxa6 {[%mdl 4096] Endgame a4 is the strong threat. KR-KR} Rb2 24. Kg2 Kf8 25. Kf3 (25. Rxd6 $6 Rxa2 26. Kf3 Ke7 $16) (25. a4 $1 $18 {is more deadly.}) 25... Ke7 26. Ra4 Kf6 ({Black should try} 26... d5 $1 $14) 27. h4 Rc2 (27... Ke6 $16 {was necessary.} 28. Re4+ Kd7) 28. Ke3 Ke6 29. Re4+ (29. b4 $142 $1) 29... Kd7 30. Ra4 (30. Rf4 $1 $16 {[%cal Rf4f7]}) 30... f6 (30... Ke6 $11) 31. Kf3 ({Better is} 31. b4) 31... Rb2 32. Rf4 g5 {[%cal Bg6g5,Bg5g4][%mdl 32] [#]} 33. Ra4 ({But not} 33. Rxf6 gxh4 34. gxh4 Rxa2 $16) (33. hxg5 $1 $16 fxg5 34. Rf5) 33... g4+ $11 34. Ke3 {And now Ra5 would win.} Ke6 35. Re4+ Kd7 36. Ra4 Ke6 37. f3 gxf3 38. Kxf3 d5 39. Ra8 Kf5 (39... f5 $1 $11) 40. Rd8 Ke6 41. Re8+ Kf5 42. Rh8 Kg6 43. Rd8 (43. Rg8+ $1 $14 Kf5 44. Rh8) 43... Rxa2 44. Rxd5 Rb2 45. Rd3 {Threatens to win with Ke4.} Kf5 46. Rc3 Rb1 47. Rc5+ Kg6 48. Rb5 Rf1+ 49. Kg2 Rb1 (49... Rc1 $1 $11) 50. Rb8 (50. b4 $1 $14) 50... Kf5 51. Rb4 Kg6 52. Kf3 Rf1+ 53. Ke4 {Hoping for Rc4.} Rg1 $2 {[#]} (53... f5+ $11 54. Ke5 Re1+ 55. Kf4 Rf1+ 56. Ke3 Kf6) 54. Rc4 $2 (54. Rb8 $1 $18) 54... Rxg3 55. b4 {aiming for Kd5.} Rb3 56. Kd5 {Strongly threatening Kc6.} Kf5 57. Kd6 Rb1 58. Ke7 Ke5 59. Rc5+ Ke4 60. Kxf6 $2 {[%mdl 8192]} (60. Rxh5 $11 f5 61. Kf6) 60... Rxb4 61. Kg5 {Mate.} Kf3 62. Ra5 Rc4 63. Ra3+ Ke4 64. Kxh5 Kf4 65. Ra6 Kg3 66. Kg5 Rc5+ 67. Kg6 Kxh4 {[%mdl 32768] What a bad dream for White.  Weighted Error Value: White=0.19 (very precise) /Black=0.22 (precise) . An unexpected result.} 1/2-1/2

[Event "19th Delhi GM Open 2022"]
[Site "Delhi"]
[Date "2022.03.27"]
[Round "8.1"]
[White "Erigaisi Arjun"]
[Black "Lalith Babu M R"]
[Result "1-0"]
[WhiteElo "2633"]
[BlackElo "2563"]
[Annotator "TA"]
[PlyCount "55"]
[EventDate "2022.03.22"]
[EventType "swiss"]
[EventCountry "IND"]
[SourceTitle "playchess.com"]
[Source "ChessBase"]
[SourceQuality "1"]

{[%evp 14,55,-11,-27,-22,-18,-25,-25,-19,-29,31,28,28,22,28,0,-8,-7,20,11,28,22,43,57,85,69,192,185,203,199,168,196,268,258,239,243,228,209,230,212,655,657,781,764]} 1. e4 e5 2. Nf3 Nc6 3. d4 exd4 4. Nxd4 Nf6 {[%cal Bg8f6,Bf6d5,Bd5b6][%mdl 32]} 5. Nxc6 bxc6 6. e5 Qe7 7. Qe2 Nd5 8. h4 Qe6 {C45: Scotch Game.} 9. Nd2 $1 {9.Nd2 is better than 9.g3.} a5 10. c4 Nb6 {Black has an edge.} 11. h5 {[%cal Oh5h6]} Ba6 {[#]} (11... h6 $11) 12. b3 $146 {[%cal Oh5h6]} ({Predecessor:} 12. h6 gxh6 13. b3 O-O-O 14. Bb2 Bg7 15. O-O-O Rhe8 16. f4 f6 17. Ne4 fxe5 18. Nc5 {1-0 (45) Nepomniachtchi,I (2784)-Giri,A (2764) chess24.com INT 2020}) 12... a4 13. Bb2 {[%cal Oh5h6]} Bb7 14. g3 Bb4 {White should prevent ...c5.} 15. Bg2 {[%cal Oh5h6]} axb3 16. axb3 {Rxa8+ is the strong threat.} Rxa1+ 17. Bxa1 O-O 18. O-O d6 19. Nf3 f6 {[#] Black cannot hold the game after this.} ({Black should play} 19... h6 $14) 20. Nd4 $1 $18 {[%csl LRc6,LRe6]} Qxe5 {[#]} 21. Qd1 Qe7 22. h6 g6 (22... gxh6 $142 23. Bxc6 Bc8) 23. Bxc6 (23. Nxc6 $6 Bxc6 24. Bxc6 Qe6 $16) 23... Bc8 24. Nc2 d5 25. Nxb4 ({But not} 25. cxd5 $6 Bc5 $16) 25... Qxb4 26. Bxd5+ {This bishop pair is nice.} ({Don't play} 26. cxd5 $6 Bg4 27. Qd4 Qxd4 28. Bxd4 Bf3) 26... Kh8 $2 (26... Nxd5 27. Qxd5+ Rf7) 27. Bg2 Bf5 28. g4 {Weighted Error Value: White=0.02 (flawless) /Black=0.47} 1-0

[Event "19th Delhi GM Open 2022"]
[Site "Delhi"]
[Date "2022.03.27"]
[Round "8.2"]
[White "Harsha Bharathakoti"]
[Black "Ponkratov, Pavel"]
[Result "1-0"]
[WhiteElo "2499"]
[BlackElo "2641"]
[Annotator "TA"]
[PlyCount "115"]
[EventDate "2022.03.22"]
[EventType "swiss"]
[EventCountry "IND"]
[SourceTitle "playchess.com"]
[Source "ChessBase"]
[SourceQuality "1"]

{[%evp 20,115,4,0,0,0,33,22,39,35,16,8,13,0,13,16,19,-6,14,12,12,0,52,44,45,43,38,46,45,10,12,12,15,8,8,8,8,33,327,316,313,361,361,358,361,345,361,350,361,364,289,139,333,336,721,716,1053,1053,1053,1053,1053,982,1030,1027,1030,1034,1034,1034,1034,1034,1034,1034,1021,1006,1000,995,1887,1397,1900,1779,229,1725,1434,1421,5297,12072,9502,8194,6458,5837,1656,1344,29969,29971,29970,5322,29991,29988]} 1. c4 e6 2. Nc3 d5 3. d4 c6 4. e3 Nf6 5. Nf3 Nbd7 6. Be2 Bd6 7. O-O O-O 8. b3 Ne4 9. Nxe4 dxe4 10. Nd2 f5 11. Bb2 {[#]} Qc7 $146 {D45: Semi-Slav: 5 e3.} ({Predecessor:} 11... Bxh2+ 12. Kxh2 Qh4+ 13. Kg1 Rf6 14. f3 Rh6 15. Qe1 Qh2+ 16. Kf2 Qh4+ 17. Kg1 Qh2+ 18. Kf2 Qh4+ 19. Kg1 Qh2+ 20. Kf2 {½-½ (20) Nihal,S (2652)-Ponkratov,P (2659) Riga 2021}) 12. h3 c5 13. dxc5 Bxc5 {The position is equal.} 14. a3 a5 {To avoid b4} 15. Qc2 {[%cal Ob3b4]} Ne5 16. Rad1 Nc6 17. Nb1 {[%cal Bd2b1,Bb1c3,Bc3b5][%mdl 32]} Qe7 18. Qc1 Bd7 19. Nc3 Nd8 20. Nb5 Bc6 ({Black should try} 20... Nc6 $11) 21. Qc3 $14 Rf6 22. Rd2 Nf7 23. Bh5 Ng5 24. h4 Rh6 {[#]} 25. Rfd1 $1 {[%cal Od2d8] Hoping for Rd8+!} Rf8 {[#] To avoid Rd8} 26. Rd8 $1 $36 {[%mdl 2048] White is more active.} Rxh5 27. Rxf8+ Kxf8 28. Rd8+ $1 ({Of course not} 28. hxg5 Qxg5 29. Rd8+ (29. Qe5 $2 Qh6 $19) 29... Kf7 $17) 28... Qxd8 $4 {[%mdl 8192]} ({Better is} 28... Be8 $1 $14 29. hxg5 Rxg5 30. Qxa5 f4 31. exf4 Rh5) 29. Qxg7+ $18 Ke8 {( -> ...Qd1+)} 30. Nc7+ Qxc7 31. Qxc7 {Strongly threatening Bf6. Chess con chili.} Rxh4 32. Bf6 h6 33. Qxa5 ({Inferior is} 33. a4 Bb4 $11) 33... Be7 34. Bxe7 Kxe7 35. Qc7+ (35. b4 $18 {has better winning chances.}) 35... Ke8 $2 {A mistake that costs the game.} (35... Kf6 $16) 36. b4 f4 $2 (36... Rg4 37. b5 Bd7) 37. b5 f3 38. bxc6 bxc6 39. Qxc6+ {[%mdl 4096] Endgame KQ-KRN} Kf7 40. Qd7+ Kf6 41. Qd8+ Kf7 42. Qc7+ Kg6 43. g3 {[%cal Bg2g3,Bg3g4][%mdl 32]} Rh5 44. g4 Rh4 45. Qg3 Rh3 46. Qe5 Rh4 47. c5 {[%cal Bc4c5,Bc5c6,Bc6c7][%mdl 32] Black must now prevent c6.} Rxg4+ 48. Kf1 Rh4 49. Ke1 Rh1+ 50. Kd2 {c6 would kill now.} Rf1 51. Qg3 {Intending c6 and mate.} Ra1 52. c6 Ra2+ 53. Kd1 {White wants to mate with c7.} Rxa3 54. c7 Rc3 55. Qd6 {aiming for Qd7.} Kh5 56. Kd2 Rc4 57. Qd7 Nh3 58. Qxe6 {Weighted Error Value: White=0.09 (flawless) /Black=0.90} 1-0

[Event "19th Delhi GM Open 2022"]
[Site "Delhi"]
[Date "2022.03.27"]
[Round "8.3"]
[White "Karthik Venkataraman"]
[Black "Gukesh D"]
[Result "0-1"]
[WhiteElo "2485"]
[BlackElo "2614"]
[Annotator "ChessBase"]
[PlyCount "58"]
[EventDate "2022.03.22"]
[EventType "swiss"]
[EventCountry "IND"]
[SourceTitle "playchess.com"]
[Source "ChessBase"]
[SourceQuality "1"]
[TimeControl "5400+30"]

1. d4 {[%emt 0:00:04]} Nf6 {[%emt 0:01:05]} 2. c4 {[%emt 0:00:08]} e6 {[%emt 0:00:25]} 3. Nf3 {[%emt 0:00:08]} d5 {[%emt 0:00:43]} 4. g3 {[%emt 0:00:11]} Bb4+ {[%emt 0:02:22]} 5. Bd2 {[%emt 0:00:12]} a5 {[%emt 0:00:58]} 6. Bg2 {[%emt 0:00:52]} O-O {[%emt 0:00:25]} 7. Qc2 {[%emt 0:00:31]} c5 {[%emt 0:01:17]} 8. cxd5 {[%emt 0:01:34]} cxd4 {[%emt 0:00:07]} 9. Nxd4 {[%emt 0:00:06]} Qb6 {[%emt 0:00:17]} 10. e3 {[%emt 0:00:26]} exd5 {[%emt 0:00:05]} 11. O-O {[%emt 0:00:26]} Nc6 {[%emt 0:00:05]} 12. Nxc6 {[%emt 0:02:19]} bxc6 {[%emt 0:00:04]} 13. Nc3 {[%emt 0:01:11]} h5 {[%emt 0:02:41]} 14. Na4 {[%emt 0:04:45]} Qd8 {[%emt 0:08:54]} 15. Rfc1 {[%emt 0:01:36]} h4 {[%emt 0:01:33]} 16. Bxb4 {[%emt 0:03:56]} axb4 {[%emt 0:00:06]} 17. b3 {[%emt 0:00:10]} h3 {[%emt 0:15:12]} 18. Bh1 {[%emt 0:02:12]} Rb8 {[%emt 0:02:09]} 19. Qxc6 {[%emt 0:02:32]} d4 {[%emt 0:02:48]} 20. Qc5 {[%emt 0:11:11]} d3 {[%emt 0:06:36]} 21. Rd1 {[%emt 0:05:03]} Bb7 {[%emt 0:15:10]} 22. f3 {[%emt 0:02:28]} Re8 {[%emt 0:03:11]} 23. e4 {[%emt 0:20:20]} Ba6 {[%emt 0:01:17]} 24. Rd2 {[%emt 0:04:05]} Rc8 {[%emt 0:02:38]} 25. Qxb4 {[%emt 0:04:11]} Rc2 {[%emt 0:00:32]} 26. Rad1 {[%emt 0:00:06]} Qc7 {[%emt 0:01:48]} 27. Rf2 {[%emt 0:13:55]} Nd5 {[%emt 0:09:52]} 28. Qe1 {[%emt 0:09:35]} Qa7 {[%emt 0:00:41]} 29. a3 {[%emt 0:01:36]} Re2 {[%emt 0:00:25]} 0-1

[Event "19th Delhi GM Open 2022"]
[Site "Delhi"]
[Date "2022.03.27"]
[Round "8.4"]
[White "Sethuraman, S.P."]
[Black "Nigmatov, Ortik"]
[Result "1-0"]
[WhiteElo "2619"]
[BlackElo "2445"]
[Annotator "TA"]
[PlyCount "49"]
[EventDate "2022.03.22"]
[EventType "swiss"]
[EventCountry "IND"]
[SourceTitle "playchess.com"]
[Source "ChessBase"]
[SourceQuality "1"]

{[%evp 19,49,13,29,0,0,0,0,0,12,25,49,60,69,75,75,39,104,102,112,112,126,120,179,179,697,735,752,732,750,708,768,746]} 1. d4 Nf6 2. c4 g6 3. Nc3 d5 4. cxd5 Nxd5 5. e4 Nxc3 6. bxc3 Bg7 7. Bc4 O-O 8. Ne2 c5 9. Be3 Nc6 10. O-O e6 {10...Bg4 is setting a new trend.} 11. Qd2 {D87: Exchange Grünfeld: Classical Line: Variations without ...cxd4.} b6 12. Bg5 $5 {[%mdl 4] An interesting side line.} Qc7 13. Rac1 {[#] The position is equal.} Na5 $146 ({Predecessor:} 13... Bb7 14. Rfd1 Na5 15. Bd3 f6 16. Be3 f5 17. exf5 exf5 18. h4 Rfe8 19. Re1 Qf7 {1-0 (77) Dahlstroem,R (2448)-Bar Ziv,I (2249) ICCF email 2016}) 14. Bd3 e5 15. dxe5 Bxe5 16. f4 {[%cal Bf2f4,Bf4f5,Bf5f6][%mdl 32]} Bg7 17. f5 c4 {[#]} ({Black should try} 17... Bb7 $14) 18. Bc2 $1 $16 Bb7 19. Nd4 {Black must now prevent f6.} Rfe8 20. Rce1 Qc5 (20... Be5 $16) 21. Qf2 $18 {[%cal Oe4e5] Threatens to win with e5!} Qf8 $2 {[#]} (21... Nc6) 22. f6 {White is clearly winning.} Bh6 23. Bxh6 Qxh6 24. e5 {[%cal Be4e5,Be5e6][%mdl 32]} Nc6 25. e6 {Weighted Error Value: White=0.06 (flawless) /Black=0.69} 1-0

[Event "19th Delhi GM Open 2022"]
[Site "Delhi"]
[Date "2022.03.27"]
[Round "8.5"]
[White "Gupta, Abhijeet"]
[Black "Krishna C R G"]
[Result "1-0"]
[WhiteElo "2628"]
[BlackElo "2466"]
[Annotator "TA"]
[PlyCount "59"]
[EventDate "2022.03.22"]
[EventType "swiss"]
[EventCountry "IND"]
[SourceTitle "playchess.com"]
[Source "ChessBase"]
[SourceQuality "1"]

{[%evp 15,59,13,43,24,50,52,60,51,49,42,138,135,153,147,159,158,162,161,192,193,245,231,258,225,268,271,252,245,324,318,357,360,458,470,470,435,467,454,445,380,363,399,627,627,750,727]} 1. d4 d5 2. c4 c6 3. Nf3 {[%cal Bg1f3,Bf3d2,Bd2b3][%mdl 32]} Nf6 4. Nc3 e6 5. Bg5 Nbd7 6. e3 Qa5 7. Nd2 Bb4 8. Qc2 c5 9. Nb3 {D52: Queen's Gambit Declined: Cambridge Springs Variation.} Qa4 10. Bxf6 Nxf6 11. dxc5 {White is slightly better.} O-O 12. cxd5 exd5 ({Black should play} 12... Nxd5 $14 13. Bd3 Bxc3+ 14. bxc3 Nf6) 13. Bd3 $16 {[#]} Ne4 $146 ({Predecessor:} 13... Qc6 14. O-O Bxc5 15. Nxd5 Qxd5 16. Rfd1 Qh5 17. Qxc5 Qh6 18. Nd4 Bg4 19. Nf5 Bxf5 20. Qxf5 {0-1 (58) Hakobyan,A (2103)-Ramazian,A (2336) Yerevan 2014}) 14. Bxe4 dxe4 15. O-O Bxc3 16. Qxc3 Bg4 17. Nd4 Qd7 (17... Rfd8 $142 18. Rfc1 Qa6) 18. b4 $18 a6 19. Rfc1 Rfc8 20. h3 Be6 21. a4 $40 {[%cal Ba2a4,Ba4b5,Bb5c6][%mdl 160] White wants a kill.} Qd5 22. b5 axb5 23. axb5 h5 24. Rxa8 Rxa8 25. c6 bxc6 26. bxc6 Bc8 27. Qc5 Qxc5 28. Rxc5 g6 (28... h4 $142 29. Kh2 Kf8) 29. Rd5 Ba6 30. Ra5 {Black got outplayed after the opening.  Weighted Error Value: White=0.06 (flawless) /Black=0.44} 1-0

[Event "19th Delhi GM Open 2022"]
[Site "Delhi"]
[Date "2022.03.27"]
[Round "8.6"]
[White "Neelash Saha"]
[Black "Delgado Ramirez, Neuris"]
[Result "1-0"]
[WhiteElo "2445"]
[BlackElo "2615"]
[Annotator "ChessBase"]
[PlyCount "117"]
[EventDate "2022.03.22"]
[EventType "swiss"]
[EventCountry "IND"]
[SourceTitle "playchess.com"]
[Source "ChessBase"]
[SourceQuality "1"]
[TimeControl "5400+30"]

1. e4 {[%emt 0:00:05]} c5 {[%emt 0:01:40]} 2. Nf3 {[%emt 0:00:08]} Nc6 {[%emt 0:00:26]} 3. Bb5 {[%emt 0:00:06]} e6 {[%emt 0:00:08]} 4. O-O {[%emt 0:00:07]} Nge7 {[%emt 0:00:07]} 5. Re1 {[%emt 0:01:33]} b6 {[%emt 0:00:14]} 6. b3 {[%emt 0:04:31]} Bb7 {[%emt 0:06:26]} 7. Bb2 {[%emt 0:00:06]} Qc7 {[%emt 0:00:12]} 8. Bf1 {[%emt 0:00:29]} Ng6 {[%emt 0:02:15]} 9. Nc3 {[%emt 0:03:18]} Be7 {[%emt 0:03:04]} 10. Nb5 {[%emt 0:06:57]} Qb8 {[%emt 0:00:35]} 11. Bxg7 {[%emt 0:04:02]} Rg8 {[%emt 0:00:03]} 12. Bb2 {[%emt 0:00:06]} h5 {[%emt 0:01:46]} 13. d4 {[%emt 0:06:45]} a6 {[%emt 0:02:18]} 14. Nc3 {[%emt 0:04:44]} cxd4 {[%emt 0:01:30]} 15. Nxd4 {[%emt 0:00:10]} Nxd4 {[%emt 0:05:52]} 16. Qxd4 {[%emt 0:01:00]} Ne5 {[%emt 0:05:01]} 17. Be2 {[%emt 0:02:15]} Bc5 {[%emt 0:00:43]} 18. Qd2 {[%emt 0:02:03]} Qc7 {[%emt 0:04:14]} 19. Bxh5 {[%emt 0:03:51]} O-O-O {[%emt 0:11:05]} 20. Na4 {[%emt 0:00:55]} f5 {[%emt 0:01:19]} 21. Qc3 {[%emt 0:05:51]} Ng6 {[%emt 0:05:48]} 22. b4 {[%emt 0:32:51]} Nf4 {[%emt 0:00:44]} 23. g3 {[%emt 0:01:19]} Bd6 {[%emt 0:11:40]} 24. Bf3 {[%emt 0:03:56]} Qxc3 {[%emt 0:04:19]} 25. Bxc3 {[%emt 0:01:14]} b5 {[%emt 0:00:07]} 26. Nc5 {[%emt 0:00:29]} Bxc5 {[%emt 0:00:10]} 27. bxc5 {[%emt 0:00:06]} Nh3+ {[%emt 0:01:35]} 28. Kf1 {[%emt 0:00:47]} Ng5 {[%emt 0:01:05]} 29. Bg2 {[%emt 0:00:06]} Nxe4 {[%emt 0:00:27]} 30. Bb4 {[%emt 0:02:03]} Bc6 {[%emt 0:02:44]} 31. Rad1 {[%emt 0:00:30]} Kb7 {[%emt 0:00:45]} 32. Rd4 {[%emt 0:03:28]} a5 {[%emt 0:01:12]} 33. Bxe4 {[%emt 0:02:05]} fxe4 {[%emt 0:02:11]} 34. Bd2 {[%emt 0:00:05]} Bd5 {[%emt 0:00:35]} 35. a3 {[%emt 0:01:19]} Rc8 {[%emt 0:00:58]} 36. Bxa5 {[%emt 0:00:43]} Rxc5 {[%emt 0:00:03]} 37. c3 {[%emt 0:00:06]} e5 {[%emt 0:02:26]} 38. Rd2 {[%emt 0:01:17]} Bc4+ {[%emt 0:00:16]} 39. Kg1 {[%emt 0:00:50]} d5 {[%emt 0:01:54]} 40. f3 {[%emt 0:00:34]} Bd3 {[%emt 0:01:24]} 41. fxe4 {[%emt 0:00:04]} Bxe4 {[%emt 0:00:12]} 42. Rf2 {[%emt 0:00:27]} Rc6 {[%emt 0:00:50]} 43. Rf7+ {[%emt 0:00:33]} Ka6 {[%emt 0:00:02]} 44. Bb4 {[%emt 0:00:07]} Kb6 {[%emt 0:00:07]} 45. Re7 {[%emt 0:00:25]} Rg5 {[%emt 0:00:03]} 46. Rf1 {[%emt 0:00:26]} Rc7 {[%emt 0:05:49]} 47. Rf6+ {[%emt 0:00:27]} Kb7 {[%emt 0:00:02]} 48. Ree6 {[%emt 0:00:29]} Rcg7 {[%emt 0:07:27]} 49. Rb6+ {[%emt 0:01:34]} Kc7 {[%emt 0:00:27]} 50. Rxb5 {[%emt 0:03:25]} R5g6 {[%emt 0:01:06]} 51. Rbb6 {[%emt 0:01:59]} Rxf6 {[%emt 0:00:49]} 52. Rxf6 {[%emt 0:00:05]} Rg5 {[%emt 0:00:14]} 53. Kf2 {[%emt 0:00:55]} d4 {[%emt 0:00:07]} 54. h4 {[%emt 0:00:58]} Rh5 {[%emt 0:00:17]} 55. Ke2 {[%emt 0:00:53]} Bc6 {[%emt 0:00:30]} 56. Kd3 {[%emt 0:01:07]} Bb5+ {[%emt 0:00:07]} 57. Kd2 {[%emt 0:00:41]} Bc6 {[%emt 0:01:18]} 58. cxd4 {[%emt 0:00:32]} exd4 {[%emt 0:00:04]} 59. Rd6 {[%emt 0:00:07]} 1-0

[Event "19th Delhi GM Open 2022"]
[Site "Delhi"]
[Date "2022.03.27"]
[Round "8.8"]
[White "Deepan Chakkravarthy J."]
[Black "Poormosavi, Seyed Kian"]
[Result "0-1"]
[WhiteElo "2520"]
[BlackElo "2229"]
[Annotator "ChessBase"]
[PlyCount "92"]
[EventDate "2022.03.22"]
[EventType "swiss"]
[EventCountry "IND"]
[SourceTitle "playchess.com"]
[Source "ChessBase"]
[SourceQuality "1"]
[TimeControl "5400+30"]

1. d4 {[%emt 0:03:36]} Nf6 {[%emt 0:00:13]} 2. c4 {[%emt 0:00:05]} b6 {[%emt 0:00:07]} 3. Nc3 {[%emt 0:03:50]} Bb7 {[%emt 0:00:18]} 4. Bf4 {[%emt 0:01:11]} e6 {[%emt 0:02:08]} 5. Nf3 {[%emt 0:00:21]} Bb4 {[%emt 0:04:28]} 6. e3 {[%emt 0:07:19]} Ne4 {[%emt 0:04:33]} 7. Qc2 {[%emt 0:00:54]} f5 {[%emt 0:18:34]} 8. h4 {[%emt 0:01:15]} O-O {[%emt 0:00:51]} 9. h5 {[%emt 0:05:56]} c5 {[%emt 0:07:03]} 10. d5 {[%emt 0:02:18]} d6 {[%emt 0:02:57]} 11. O-O-O {[%emt 0:09:14]} Bxc3 {[%emt 0:01:23]} 12. bxc3 {[%emt 0:00:06]} e5 {[%emt 0:00:23]} 13. Bh2 {[%emt 0:02:47]} b5 {[%emt 0:01:04]} 14. Bd3 {[%emt 0:04:40]} bxc4 {[%emt 0:02:17]} 15. Bxe4 {[%emt 0:01:50]} fxe4 {[%emt 0:00:04]} 16. Qxe4 {[%emt 0:00:05]} Nd7 {[%emt 0:00:43]} 17. Qc2 {[%emt 0:09:16]} h6 {[%emt 0:06:14]} 18. Bg3 {[%emt 0:02:36]} Qa5 {[%emt 0:02:53]} 19. e4 {[%emt 0:09:44]} Bc8 {[%emt 0:04:51]} 20. Kb2 {[%emt 0:06:31]} Nb6 {[%emt 0:01:35]} 21. Nd2 {[%emt 0:01:20]} Na4+ {[%emt 0:01:57]} 22. Ka1 {[%emt 0:00:05]} Ba6 {[%emt 0:00:13]} 23. Bh4 {[%emt 0:13:11]} Rab8 {[%emt 0:05:03]} 24. Rb1 {[%emt 0:00:12]} Rxb1+ {[%emt 0:02:55]} 25. Nxb1 {[%emt 0:01:59]} Rb8 {[%emt 0:00:15]} 26. Rh3 {[%emt 0:02:11]} Nb2 {[%emt 0:14:26]} 27. Qxb2 {[%emt 0:03:14]} Rxb2 {[%emt 0:00:06]} 28. Kxb2 {[%emt 0:00:02]} Qa4 {[%emt 0:05:35]} 29. Rh1 {[%emt 0:04:22]} Qe8 {[%emt 0:00:28]} 30. Bg3 {[%emt 0:00:02]} Qe7 {[%emt 0:02:41]} 31. Nd2 {[%emt 0:00:50]} Bc8 {[%emt 0:00:22]} 32. Nxc4 {[%emt 0:00:58]} Ba6 {[%emt 0:00:44]} 33. Ne3 {[%emt 0:00:02]} Qb7+ {[%emt 0:01:31]} 34. Ka1 {[%emt 0:04:08]} Qb5 {[%emt 0:00:05]} 35. c4 {[%emt 0:00:17]} Qb4 {[%emt 0:00:10]} 36. Rc1 {[%emt 0:00:06]} Qd2 {[%emt 0:00:13]} 37. Kb1 {[%emt 0:00:12]} Qd3+ {[%emt 0:00:09]} 38. Kb2 {[%emt 0:00:01]} Qxe4 {[%emt 0:00:30]} 39. Rc3 {[%emt 0:00:01]} Qd4 {[%emt 0:00:58]} 40. Kc2 {[%emt 0:00:29]} Bc8 {[%emt 0:01:36]} 41. f3 {[%emt 0:02:39]} Bd7 {[%emt 0:00:20]} 42. Ra3 {[%emt 0:00:22]} Be8 {[%emt 0:00:32]} 43. Rd3 {[%emt 0:01:09]} Qa1 {[%emt 0:00:52]} 44. Ra3 {[%emt 0:00:33]} Bxh5 {[%emt 0:00:15]} 45. Rxa7 {[%emt 0:00:05]} Bg6+ {[%emt 0:00:14]} 46. Kd2 {[%emt 0:00:02]} Qb2+ {[%emt 0:00:15]} 0-1

[Event "19th Delhi GM Open 2022"]
[Site "Delhi"]
[Date "2022.03.27"]
[Round "8.9"]
[White "Gusain, Himal"]
[Black "Iniyan, P."]
[Result "1/2-1/2"]
[WhiteElo "2408"]
[BlackElo "2516"]
[Annotator "TA"]
[PlyCount "61"]
[EventDate "2022.03.22"]
[EventType "swiss"]
[EventCountry "IND"]
[SourceTitle "playchess.com"]
[Source "ChessBase"]
[SourceQuality "1"]

{[%evp 9,61,21,28,9,12,7,0,4,14,3,18,0,6,-2,0,0,0,0,0,0,0,0,10,0,14,0,0,0,0,0,0,-7,12,0,14,11,4,35,4,-12,-10,-6,0,0,8,8,11,4,4,-3,-3,-22,-3,-22]} 1. d4 Nf6 2. Nf3 d5 3. c4 c6 4. e3 e6 5. b3 Bb4+ 6. Bd2 {D30: Queen's Gambit Declined: Systems without Nc3.} Bd6 7. Bd3 O-O 8. O-O Nbd7 9. Bc3 b6 10. Nbd2 c5 {[#]} 11. cxd5 $146 ({Predecessor:} 11. Bb2 Bb7 12. Qe2 cxd4 13. Nxd4 Ne5 14. Bc2 dxc4 15. Nxc4 Nxc4 16. Qxc4 Rc8 17. Qe2 Ne4 18. Qg4 Nf6 19. Qe2 Bb8 20. Bd3 {½-½ (61) Rudyak,I (2415)-Prozorovsky,V (2465) ICCF email 2019}) 11... Nxd5 12. Bb2 Bb7 13. Ne4 Be7 14. dxc5 Nxc5 15. Nxc5 Bxc5 16. a3 a5 17. Qe2 Qe7 18. Rfd1 Rfd8 19. Bc4 h6 20. h3 Nc7 21. a4 Rxd1+ 22. Rxd1 Rd8 23. Rxd8+ Qxd8 24. Qd2 {The position is equal.} Qxd2 25. Nxd2 Bb4 26. Nf3 Bxf3 27. gxf3 Ne8 28. Be5 Nd6 29. Bxd6 Bxd6 30. Kg2 Kf8 31. Bb5 {A balanced but interesting game.  Weighted Error Value: White=0.07 (flawless) /Black=0.04 (flawless)} 1/2-1/2